Empresa Megaproyectos, S.A
El presente documento consiste en dar a conocer las experiencias adquiridas por el desarrollo de la práctica profesional en la empresa Megaproyectos, S.A. que se dedica al diseño, gestión y construcción de obras verticales y horizontales, como parte de unas de las metodologías implementadas por...
| Main Author: | |
|---|---|
| Other Authors: | |
| Format: | Tesis Section = Libro |
| Language: | Undetermined Spanish |
| Published: |
Managua, Nicaragua
IES-UNI
2018
|
| Subjects: |
| LEADER | 01182nam a2200265Ia 4500 | ||
|---|---|---|---|
| 008 | 240830s9999 xx 000 0 und d | ||
| 040 | |a BIBLIOTECA-RUSB/ Mon 721 P343 | ||
| 041 | |a spa | ||
| 082 | |a Mon 721 P343 | ||
| 100 | 1 | |a Payan Sequeira, Alberto José | |
| 245 | 1 | 0 | |a Empresa Megaproyectos, S.A |
| 260 | |a Managua, Nicaragua |b IES-UNI |c 2018 | ||
| 300 | |a 87 p. :il. | ||
| 500 | |a Contiene: Informe final de práctica profesional y CD. | ||
| 502 | |a Tesis (Arquitecto) - IES-UNI, 2018. | ||
| 520 | 3 | |a El presente documento consiste en dar a conocer las experiencias adquiridas por el desarrollo de la práctica profesional en la empresa Megaproyectos, S.A. que se dedica al diseño, gestión y construcción de obras verticales y horizontales, como parte de unas de las metodologías implementadas por la UNI para optar al título de Arquitecto. | |
| 650 | 7 | |a DISEÑO ARQUITECTÓNICO | |
| 650 | 7 | |b ARQUITECTURA-DISEÑO Y PLANOS | |
| 650 | 7 | |c EDIFICIOS-DISEÑO Y CONSTRUCCIÓN | |
| 650 | 7 | |d PRÁCTICAS PROFESIONALES | |
| 650 | 7 | |e FORMACIÓN PROFESIONAL | |
| 700 | 1 | |a Tutor: |b Mayorga Navarro Eduardo José | |
| 942 | |c BK |2 ddc | ||
| 991 | |a TESIS | ||
| 999 | |c 21178 | ||